Cours de langue et de civilisation francaises. 1.,2.-3,4. /

Salvato in:
Dettagli Bibliografici
Autore principale: Mauger, Gaston (Autore)
Natura: Libro
Lingua:francese
Pubblicazione: Paris : Libraire Hachette, 1953
Tags: Aggiungi Tag
Nessun Tag, puoi essere il primo ad aggiungerne!!

MARC

LEADER 00000nam a22000003a 4500
001 stu1350
005 20150617225622.2
008 920304s1953----fr------------------fre-d
040 |a STU  |b slo 
041 0 |a fre 
044 |a fr 
080 |a 804.0(075) 
100 1 |a Mauger, Gaston  |4 aut 
245 1 |a Cours de langue et de civilisation francaises. 1.,2.-3,4. /  |c [aut.] Mauger,G 
260 |a Paris :  |b Libraire Hachette,  |c 1953 
300 |a 243 s :  |b 279 s 
996 |b E42583  |c E*42583  |l EE05  |s P  |a 0  |w stu1350_0004